zpět

Detail výsledku týmu

Restaurace Slovanka, Kladno

Datum a čas kvízu

27 Celkem bodů Celkový počet nahraných bodů na tomto kvízu bez doplňovacích otázek.
8. Pořadí na kvízu Konečné umístění týmu na tomto kvízu.

Zaznamenané odpovědi

# Otázka Odpověď Body Výsledky
1. Jak se nazývá zámek nedaleko P... Štiřín 0
2. Buckinghamský palác odhalil v... D) motýl 0
3. V úterý byl zahájen 77. ročník... v Cannes 1
4. Bývalá manželka Billa Gatese M... Gatesova nadace 1
5. Dvacetiletý atlet Tomáš Habart... D) na 3 000 m překážek 0
6. Bájného českého knížete Kroka,... Krakov 1
7. K Janu Žižkovi se váže jistá p... C 1
8. Přiřaďte k sobě dvojice hrdinů... 1D 2C 3A 4B 0
9. Václav Podbrdský byl kameník,... A 0
10. Pokud dokážete určit, co tento... Stadice 0